<?xml version="1.0" encoding="UTF-8"?>
<collection xmlns:xsi="http://www.w3.org/2001/XMLSchema-instance" xsi:schemaLocation="http://www.loc.gov/MARC21/slim http://www.loc.gov/standards/marcxml/schema/MARC21slim.xsd" xmlns="http://www.loc.gov/MARC21/slim">
 <record>
  <leader>00000ccm a22000004a 4500</leader>
  <controlfield tag="001">UP-99796217606620353</controlfield>
  <controlfield tag="003">Buklod</controlfield>
  <controlfield tag="005">20230503092542.0</controlfield>
  <controlfield tag="006">a     r    |||| u|</controlfield>
  <controlfield tag="007">sd |||enn|||||</controlfield>
  <controlfield tag="008">010924s1980    xx |||||||||||||| |     d</controlfield>
  <datafield tag="035" ind1=" " ind2=" ">
   <subfield code="a">(iLib)UPD-00000409744</subfield>
  </datafield>
  <datafield tag="040" ind1=" " ind2=" ">
   <subfield code="a">DML</subfield>
  </datafield>
  <datafield tag="041" ind1=" " ind2=" ">
   <subfield code="a">eng</subfield>
  </datafield>
  <datafield tag="090" ind1=" " ind2=" ">
   <subfield code="a">Tape 495</subfield>
  </datafield>
  <datafield tag="245" ind1="1" ind2="0">
   <subfield code="a">Chamber music recital</subfield>
   <subfield code="h">[sound recording].</subfield>
  </datafield>
  <datafield tag="264" ind1=" " ind2="1">
   <subfield code="a">s.l.</subfield>
   <subfield code="b">Scotch highlander</subfield>
   <subfield code="c">[1980].</subfield>
  </datafield>
  <datafield tag="300" ind1=" " ind2=" ">
   <subfield code="a">1 reel.</subfield>
   <subfield code="b">7 1/2 ips</subfield>
   <subfield code="c">2-track, stereo</subfield>
   <subfield code="c">7 in.</subfield>
  </datafield>
  <datafield tag="500" ind1=" " ind2=" ">
   <subfield code="a">Sponsored by the  U.P. College of Music held at the U.P. Abealrdo Hall Auditorium, August 13, 1980</subfield>
  </datafield>
  <datafield tag="511" ind1="0" ind2=" ">
   <subfield code="a">Luz Corazon Reyes, soprano; Victorino San Antonio, Jr. clarinet; Antonio Rodriguez, bass, Enrique Dy-liacco, flute; Joyce Rojas, Agnes Mariano, hwong Nai-ying, maria Gracia Leyva, pianos; Rodelio Flores, violin.--Von Weber, C.M. Grand duo concertant, op. 48.--Vivaldi, Sonata no.1, op.27 for bass and piano.--Bach, J.S. Sonata in Eb major.--Mozart, W.A. Sonata no.7 in F, K. 376.--parto ! Ma tu ben mio, K.621.</subfield>
  </datafield>
  <datafield tag="650" ind1=" " ind2="4">
   <subfield code="a">Chamber music.</subfield>
  </datafield>
  <datafield tag="842" ind1=" " ind2=" ">
   <subfield code="a">Music</subfield>
  </datafield>
  <datafield tag="905" ind1=" " ind2=" ">
   <subfield code="a">FO</subfield>
  </datafield>
  <datafield tag="852" ind1="0" ind2=" ">
   <subfield code="a">UPD</subfield>
   <subfield code="b">DMUS</subfield>
   <subfield code="h">Tape 495</subfield>
  </datafield>
  <datafield tag="942" ind1=" " ind2=" ">
   <subfield code="a">Music</subfield>
  </datafield>
 </record>
</collection>
